000 00529nam a2200181Ia 4500
003 IN-BaIIA
008 211028s9999 xx 000 0 eng d
040 _cIIA Library
080 _a52-67
_bGIL
100 _aGill, T P
_97139
245 4 _aThe Doppler effect
_ban introduction to the theory of the effect
_cT. P. Gill
260 _aLondon
_bLogos Press
_c1965
300 _ax, 149p.
650 _aAstronomy and Astrophysics Thesaurus
650 _aDoppler Shift
_97140
650 _aElectromagnetic Radiation
_92288
942 _cBK
999 _c4046
_d4046